Statistiques concernant Mots en C par définition

Cliquez ici pour prendre le quiz!

Statistiques générales

  • Ce quiz a été pris 319 fois
  • Le résultat moyen est 10 sur 20

Statistiques - réponses

GenreDéfinitionMot% Correct
Nom MasculinSemoule de blé dur. / Plat traditionnel composé de cette semoule cuite à la vapeur, accompagnée de viande et de légumes, le tout étant ensuite servi avec bouillon, harissa, boulettes de viande, merguez, etc.Couscous
90%
Nom MasculinNom canadien du renne.Caribou
86%
Nom FémininPartie d'un logement, d'un restaurant, etc., destinée à la préparation des aliments pour le repas.Cuisine
86%
Nom MasculinMammifère ruminant à cornes rameuses et caduques (bois), autrefois très commun dans les forêts européennes.Cerf
83%
Nom FémininAbsence ou perte des cheveux.Calvitie
80%
Nom MasculinConstruction élevée au-dessus ou dans le voisinage d'une église, pour soutenir et abriter les cloches.Clocher
77%
Nom MasculinExcrément des chevaux, des mulets, etc.Crottin
73%
Nom FémininPetit camion automobile dont la charge utile ne dépasse pas 1 500 kg.Camionnette
61%
Nom FémininAppareil ménager électrique destiné à l'entretien des sols cirés.Cireuse
59%
Nom MasculinGrincement aigu.Crissement
53%
Nom Féminin PlurielInstrument de musique formé de deux pièces de bois ou d'ivoire rondes et concaves, liées par une cordelette servant à les tenir et les entrechoquer.Castagnettes
43%
Nom FémininSorte de petit bonnet rond couvrant le sommet de la tête. (Insigne de dignité ecclésiastique, elle est violette pour les évêques, rouge pour les cardinaux, blanche pour le pape.)Calotte
37%
Nom MasculinEn France, circonscription administrative issue de l'époque révolutionnaire.Canton
34%
Nom MasculinTitre du chef suprême des musulmans. (Le problème de la dévolution de ce titre est à l'origine de la division de l'islam en sectes dont les trois principales options sont le kharidjisme, le chiisme et le sunnisme.)Calife
33%
Nom Masculin et AdjectifMousseux élaboré selon une méthode traditionnelle à partir de vins d'appellation contrôlée.Crémant
31%
Nom FémininMalheur public, infortune qui atteint une région, un groupe d'individus. / Grave infortune personnelle ou simple inconvénient. / Personne qui n'apporte que des ennuis.Calamité
26%
Nom FémininNom donné à différents mollusques marins de grande taille. Coquille en spirale utilisée comme trompe en diverses régions d'Asie, d'Amérique, d'Océanie et à Madagascar.Conque
20%
Nom FémininFile de colonnes et ce qui la surmonte, entablement ou arcs.Colonnade
16%
Nom MasculinNom donné à différents types de saucissons cuits.Cervelas
9%
Nom FémininSous-arbrisseau (éricacée) des tourbières, au fruit rouge comestible.Canneberge
8%

Distribution des résultats

Percentile par nombre de réponses

% des personnes avec chaque résultat

Votre développement - résultats

Vous n’avez pas pris ce quiz